000 00514nam a2200193 a 4500
001 1771297720831
003 YourLibrary
005 20260217084031.0
008 260217s2009##################000#0#eng##
020 _a9781843761372
082 0 4 _a330.1
_bMAG
100 1 _aMagnusson, Lars,
_eauthor.
245 1 0 _aThe Evolution of Path Dependence :
260 _bEdward Elgar Pub,
_c2009.
300 _a228 pages
650 0 _aBusiness & Economics.
942 _cENGLISH
040 _aYourLibrary
_beng
_cYourLibrary
999 _c612904
_d612904